SOCH- SIMPLIFIED OPHTHALMOLOGY CONCEPTUAL HAND BOOK (Record no. 30478)

MARC details
000 -LEADER
fixed length control field 00360nam a22001577a 4500
003 - CONTROL NUMBER IDENTIFIER
control field SGT
020 ## - INTERNATIONAL STANDARD BOOK NUMBER
International Standard Book Number 9789394525023
082 ## - DEWEY DECIMAL CLASSIFICATION NUMBER
Classification number 617.7
Item number S23B
100 ## - MAIN ENTRY--PERSONAL NAME
Personal name BANSAL, UTSAV
245 ## - TITLE STATEMENT
Title SOCH- SIMPLIFIED OPHTHALMOLOGY CONCEPTUAL HAND BOOK
250 ## - EDITION STATEMENT
Edition statement 5TH
260 ## - PUBLICATION, DISTRIBUTION, ETC. (IMPRINT)
Place of publication, distribution, etc INDIA
Name of publisher, distributor, etc CBS PUB
Year of Publication 2023
300 ## - PAGE DESCRIPTION
No. of Pages 498
650 ## - SUBJECT ADDED ENTRY--TOPICAL TERM
Topical term or geographic name as entry element OPHTHALMOLOGY
942 ## - ADDED ENTRY ELEMENTS (KOHA)
Source of classification or shelving scheme Dewey Decimal Classification
Koha item type Books
Holdings
Withdrawn status Lost status Source of classification or shelving scheme Damaged status Not for loan Collection code Home library Current library Shelving location Date acquired Vendor Name Cost, normal purchase price SGTU Bill Number Total Checkouts Full call number Accession No. (Barcode) Date last seen Bill Date Koha item type Date last borrowed
    Dewey Decimal Classification     MEDICAL SGT Medical Library SGT Medical Library Text Book 13/02/2025 ABC DELHI 995.00 SGTU 20481   617.7 S23B FM14626 27/03/2025 13/02/2025 Books  
    Dewey Decimal Classification     MEDICAL SGT Medical Library SGT Medical Library Text Book 13/02/2025 ABC DELHI 995.00 SGTU 20481 12 617.7 S23B FM14627 11/04/2026 13/02/2025 Books 27/03/2026
    Dewey Decimal Classification     MEDICAL SGT Medical Library SGT Medical Library Text Book 13/02/2025 ABC DELHI 995.00 SGTU 20481 5 617.7 S23B FM14628 11/04/2026 13/02/2025 Books 24/03/2026
    Dewey Decimal Classification     MEDICAL SGT Medical Library SGT Medical Library Text Book 13/02/2025 ABC DELHI 995.00 SGTU 20481 1 617.7 S23B FM14629 09/04/2026 13/02/2025 Books 09/04/2026
    Dewey Decimal Classification     MEDICAL SGT Medical Library SGT Medical Library Text Book 13/02/2025 ABC DELHI 995.00 SGTU 20481 1 617.7 S23B FM14630 20/03/2026 13/02/2025 Books 13/03/2026